[Event "Brno Open 2024 - A IM Round Robin"]
[Site "Bobycentrum hotel, Brno"]
[Date "2024.11.16"]
[Round "1"]
[Board "1"]
[White "Mattenberger, Matthias"]
[Black "Marn, Jan"]
[Result "1/2-1/2"]
[WhiteElo "2257"]
[BlackElo "2393"]
[PlyCount "60"]
[EventDate "2024.11.16"]
[EventRounds "9"]
[EventCountry "CZE"]

1. d4 Nf6 2. c4 g6 3. h4 Bg7 4. Nc3 Nc6 5. Nf3 d6 6. d5 Nb8 7. e4 Bg4 8. Be2 Nbd7
9. O-O O-O 10. Be3 c6 11. Rc1 Qa5 12. Nd4 Bxe2 13. Qxe2 Rac8 14. f3 Rfe8 15. Rfd1
Ne5 16. dxc6 Nxc6 17. Nb3 Qa6 18. c5 Qxe2 19. Nxe2 dxc5 20. Nxc5 b6 21. Nd3 Nd7 22.
b3 Nde5 23. Nxe5 Nxe5 24. h5 e6 25. hxg6 hxg6 26. Nd4 a6 27. Ne2 b5 28. Kf1 Bf8 29.
Rxc8 Rxc8 30. Rc1 Rxc1+  1/2-1/2

[Event "Brno Open 2024 - A IM Round Robin"]
[Site "Bobycentrum hotel, Brno"]
[Date "2024.11.16"]
[Round "1"]
[Board "2"]
[White "Ashwath, R."]
[Black "Zhukovskyi, Myhaylo"]
[Result "1-0"]
[WhiteElo "2333"]
[BlackElo "2263"]
[PlyCount "49"]
[EventDate "2024.11.16"]
[EventRounds "9"]
[EventCountry "CZE"]

1. c4 e5 2. Nc3 Nf6 3. Nf3 Nc6 4. e4 Bc5 5. Nxe5 Nxe5 6. d4 Bxd4 7. Qxd4 Nc6 8. Qd3
O-O 9. Bg5 h6 10. Bh4 Ne5 11. Qd4 Re8 12. O-O-O g5 13. Bg3 Qe7 14. f3 d6 15. h4 g4
16. h5 gxf3 17. Bh4 Qe6 18. gxf3 Nxh5 19. Qe3 c6 20. Bh3 Qxc4 21. Bxc8 Raxc8 22.
Qxh6 Nf4 23. Qh8+ Kxh8 24. Bf6+ Kg8 25. Rh8#  1-0

[Event "Brno Open 2024 - A IM Round Robin"]
[Site "Bobycentrum hotel, Brno"]
[Date "2024.11.16"]
[Round "1"]
[Board "3"]
[White "Nissinen, Niilo Man"]
[Black "Sliwerski, Radoslaw"]
[Result "1/2-1/2"]
[WhiteElo "2150"]
[BlackElo "2040"]
[PlyCount "81"]
[EventDate "2024.11.16"]
[EventRounds "9"]
[EventCountry "CZE"]

1. e4 c5 2. Nf3 d6 3. d4 cxd4 4. Nxd4 Nf6 5. Nc3 a6 6. Bd3 e5 7. Nde2 Be7 8. O-O
Be6 9. f4 Qc7 10. b3 exf4 11. Bb2 Ng4 12. Qe1 Qc5+ 13. Kh1 Qh5 14. h3 f3 15. Nf4
Qh6 16. Rxf3 Ne5 17. Rf1 O-O 18. Ncd5 Bh4 19. Qe2 Nbc6 20. Ne3 Bg5 21. Nfd5 Rac8
22. a4 Rfe8 23. Rab1 Nb4 24. Nf5 Bxf5 25. Nxb4 Be6 26. Bd4 Bd2 27. Na2 Bf4 28. Qf2
Ng6 29. Qf3 Be5 30. Be3 Qh4 31. Nb4 Qg3 32. Qxg3 Bxg3 33. c4 Ne5 34. Be2 Nd7 35.
Bf3 Be5 36. Nd3 Rb8 37. Nxe5 Nxe5 38. a5 Nxf3 39. Rxf3 Bd7 40. Bf4 Bc6 41. Re1  1/2-1/2

[Event "Brno Open 2024 - A IM Round Robin"]
[Site "Bobycentrum hotel, Brno"]
[Date "2024.11.16"]
[Round "1"]
[Board "4"]
[White "Pisk, Petr"]
[Black "Kulkarni, Bhakti"]
[Result "1/2-1/2"]
[WhiteElo "2287"]
[BlackElo "2345"]
[PlyCount "23"]
[EventDate "2024.11.16"]
[EventRounds "9"]
[EventCountry "CZE"]

1. e4 e5 2. Nf3 Nc6 3. Bb5 a6 4. Ba4 f5 5. d3 fxe4 6. dxe4 Nf6 7. Bxc6 bxc6 8. Nxe5
Qe7 9. Nd3 Qxe4+ 10. Qe2 Qxe2+ 11. Kxe2 Be7 12. Re1  1/2-1/2

[Event "Brno Open 2024 - A IM Round Robin"]
[Site "Bobycentrum hotel, Brno"]
[Date "2024.11.16"]
[Round "1"]
[Board "5"]
[White "Vyskocil, Neklan"]
[Black "Flasik, Radoslav"]
[Result "1-0"]
[WhiteElo "2269"]
[BlackElo "2141"]
[PlyCount "135"]
[EventDate "2024.11.16"]
[EventRounds "9"]
[EventCountry "CZE"]

1. e4 c5 2. Nf3 d6 3. d4 cxd4 4. Qxd4 Nc6 5. Bb5 Bd7 6. Bxc6 Bxc6 7. Nc3 Nf6 8. Bg5
h6 9. Bxf6 gxf6 10. O-O-O Rg8 11. Nh4 Qa5 12. g3 Qc5 13. Nf5 Qxd4 14. Rxd4 e6 15.
Nxd6+ Bxd6 16. Rxd6 f5 17. Re1 Ke7 18. Rd4 fxe4 19. Nxe4 Rad8 20. Rxd8 Rxd8 21. Nc3
Rd4 22. Rd1 Rg4 23. Kd2 h5 24. Ke3 h4 25. Rd4 hxg3 26. hxg3 Rg5 27. b4 Rf5 28. Rf4
Re5+ 29. Kd3 Rh5 30. a4 b6 31. b5 Bg2 32. Rh4 Rf5 33. f4 Rc5 34. Rh2 Bf1+ 35. Kd2
Rc4 36. Rh1 Rd4+ 37. Ke3 Rc4 38. Kd2 Rd4+ 39. Kc1 Rc4 40. Kb2 Bg2 41. Rd1 Rc8 42.
Kb3 Rg8 43. Rd3 Bf1 44. Re3 Rd8 45. Re1 Bg2 46. a5 Rg8 47. axb6 axb6 48. Re3 Kd6
49. Na4 Kd5 50. Re5+ Kd4 51. c3+ Kd3 52. Nb2+ Kd2 53. Nc4+ Kd1 54. Rg5 Rxg5 55. fxg5
Ke2 56. Ne5 Kf2 57. Nxf7 Kxg3 58. g6 e5 59. Nxe5 Kf4 60. Nd7 Kf5 61. g7 Bd5+ 62.
c4 Be6 63. Nxb6 Kg6 64. Nd5 Kxg7 65. b6 Bc8 66. c5 Bb7 67. Nb4 Kf6 68. c6  1-0

[Event "Brno Open 2024 - A IM Round Robin"]
[Site "Bobycentrum hotel, Brno"]
[Date ""]
[Round "2"]
[Board "1"]
[White "Marn, Jan"]
[Black "Flasik, Radoslav"]
[Result "1-0"]
[WhiteElo "2393"]
[BlackElo "2141"]
[PlyCount "89"]
[EventDate "2024.11.16"]
[EventRounds "9"]
[EventCountry "CZE"]

1. d4 d5 2. c4 e6 3. Nf3 Nf6 4. g3 Be7 5. Bg2 O-O 6. O-O dxc4 7. Qc2 a6 8. Rd1 b5
9. Ne5 Nd5 10. b3 cxb3 11. axb3 Bb7 12. Ba3 Bxa3 13. Nxa3 Nd7 14. Nc6 Bxc6 15. Qxc6
N7b6 16. Nc2 Qd6 17. Qc5 f5 18. Ra5 Rfd8 19. Rda1 e5 20. Qxd6 cxd6 21. Rxa6 e4 22.
Bh3 g6 23. e3 Rac8 24. Nb4 Rc7 25. g4 f4 26. Nxd5 Nxd5 27. g5 Nc3 28. Be6+ Kf8 29.
Ra7 Re7 30. d5 Rde8 31. Rxe7 Rxe7 32. Ra8+ Re8 33. Ra7 Re7 34. Ra8+ Re8 35. Ra6 f3
36. h4 b4 37. Rxd6 Ra8 38. Rd7 Ra1+ 39. Kh2 Rf1 40. Rf7+ Ke8 41. d6 Rxf2+ 42. Kh3
Rd2 43. d7+ Kd8 44. Rf8+ Kc7 45. Rc8+  1-0

[Event "Brno Open 2024 - A IM Round Robin"]
[Site "Bobycentrum hotel, Brno"]
[Date ""]
[Round "2"]
[Board "2"]
[White "Kulkarni, Bhakti"]
[Black "Vyskocil, Neklan"]
[Result "1-0"]
[WhiteElo "2345"]
[BlackElo "2269"]
[PlyCount "77"]
[EventDate "2024.11.16"]
[EventRounds "9"]
[EventCountry "CZE"]

1. Nf3 d5 2. e3 Nf6 3. c4 c6 4. Nc3 g6 5. d4 Bg7 6. Be2 O-O 7. O-O Nbd7 8. cxd5 cxd5
9. Qb3 Nb8 10. Bd2 Nc6 11. Rfc1 e6 12. Be1 Re8 13. Ne5 Nxe5 14. dxe5 Nd7 15. f4 a6
16. Bf2 Bf8 17. e4 Bc5 18. Bxc5 Nxc5 19. Qb4 Nxe4 20. Nxe4 dxe4 21. Rd1 Qc7 22. Rac1
Qb8 23. Qb6 Qa7 24. Qxa7 Rxa7 25. Rc7 Ra8 26. a4 Rb8 27. Kf2 b5 28. axb5 axb5 29.
b4 Rf8 30. Rd4 Bb7 31. Bxb5 e3+ 32. Kxe3 Bxg2 33. Bd7 Bd5 34. b5 f6 35. Rxd5 exd5
36. e6 Rfd8 37. e7 Re8 38. Bxe8 Rxe8 39. b6  1-0

[Event "Brno Open 2024 - A IM Round Robin"]
[Site "Bobycentrum hotel, Brno"]
[Date ""]
[Round "2"]
[Board "3"]
[White "Sliwerski, Radoslaw"]
[Black "Pisk, Petr"]
[Result "1/2-1/2"]
[WhiteElo "2040"]
[BlackElo "2287"]
[PlyCount "59"]
[EventDate "2024.11.16"]
[EventRounds "9"]
[EventCountry "CZE"]

1. d4 Nf6 2. c4 g6 3. g3 Bg7 4. Bg2 O-O 5. Nf3 d6 6. O-O a6 7. Nc3 Nc6 8. d5 Na5
9. b3 c5 10. dxc6 Nxc6 11. Bb2 Ne4 12. Qc1 Nxc3 13. Bxc3 Bxc3 14. Qxc3 Qa5 15. Qxa5
Nxa5 16. Rfd1 Bg4 17. h3 Bxf3 18. Bxf3 Rac8 19. Rac1 Rc7 20. c5 Rxc5 21. Rxc5 dxc5
22. Rd7 e6 23. Rc7 b6 24. Ra7 Rd8 25. Rxa6 Rd2 26. Rxb6 Rxa2 27. b4 cxb4 28. Rxb4
Rc2 29. Rb5 Nc6 30. Bxc6  1/2-1/2

[Event "Brno Open 2024 - A IM Round Robin"]
[Site "Bobycentrum hotel, Brno"]
[Date ""]
[Round "2"]
[Board "4"]
[White "Zhukovskyi, Myhaylo"]
[Black "Nissinen, Niilo Man"]
[Result "0-1"]
[WhiteElo "2263"]
[BlackElo "2150"]
[PlyCount "82"]
[EventDate "2024.11.16"]
[EventRounds "9"]
[EventCountry "CZE"]

1. Nf3 d5 2. g3 g6 3. Bg2 Bg7 4. d4 Nf6 5. O-O O-O 6. c4 dxc4 7. Qa4 a6 8. Qxc4 b5
9. Qc2 Bg4 10. Bf4 Nd5 11. Rd1 Nxf4 12. gxf4 e6 13. Nbd2 Nd7 14. Nb3 Rc8 15. Na5
Bxf3 16. Bxf3 c5 17. Nc6 cxd4 18. Qd2 Qh4 19. Nxd4 Nf6 20. e3 Ng4 21. Bxg4 Qxg4+
22. Kh1 Rfd8 23. Rac1 Rxc1 24. Rxc1 Bxd4 25. exd4 Qf3+ 26. Kg1 Qe4 27. Rd1 Rc8 28.
Rc1 Rxc1+ 29. Qxc1 Qxd4 30. Qc8+ Kg7 31. Qxa6 Qxb2 32. a3 Qa1+ 33. Kg2 b4 34. a4
b3 35. Qb5 b2 36. Qe5+ f6 37. Qxe6 Qd1 38. Qe7+ Kh6 39. Qf8+ Kh5 40. Qc5+ f5 41.
Qe3 Qg4+  0-1

[Event "Brno Open 2024 - A IM Round Robin"]
[Site "Bobycentrum hotel, Brno"]
[Date ""]
[Round "2"]
[Board "5"]
[White "Mattenberger, Matthias"]
[Black "Ashwath, R."]
[Result "1/2-1/2"]
[WhiteElo "2257"]
[BlackElo "2333"]
[PlyCount "87"]
[EventDate "2024.11.16"]
[EventRounds "9"]
[EventCountry "CZE"]

1. d4 Nf6 2. c4 e6 3. Nc3 d5 4. cxd5 exd5 5. Bg5 c6 6. e3 h6 7. Bh4 Be7 8. Bd3 O-O
9. Qc2 Ne8 10. Bg3 Nd6 11. Nf3 Be6 12. Ne5 Qc8 13. h3 Bf5 14. O-O Bxd3 15. Nxd3 Nf5
16. Bf4 Nd7 17. Rfc1 Bg5 18. b4 Bxf4 19. Nxf4 Nd6 20. a4 Nb6 21. b5 a5 22. bxc6 bxc6
23. e4 dxe4 24. Nxe4 Nxe4 25. Qxe4 Re8 26. Qf3 Qd7 27. Rxc6 Qxd4 28. Rd1 Qb2 29.
Rc7 Qf6 30. Rc6 Qb2 31. Rdd6 Nxa4 32. Rd7 Rf8 33. Nd5 Qa1+ 34. Kh2 Qe5+ 35. g3 Rae8
36. Rcc7 Qe6 37. Nf4 Qf6 38. Ra7 Nc5 39. Rdc7 Ne6 40. Rd7 Nxf4 41. Qxf4 Qxf4 42.
gxf4 Ra8 43. Rxf7 Rxa7 44. Rxa7  1/2-1/2

[Event "Brno Open 2024 - A IM Round Robin"]
[Site "Bobycentrum hotel, Brno"]
[Date ""]
[Round "3"]
[Board "1"]
[White "Ashwath, R."]
[Black "Marn, Jan"]
[Result "0-1"]
[WhiteElo "2333"]
[BlackElo "2393"]
[PlyCount "68"]
[EventDate "2024.11.16"]
[EventRounds "9"]
[EventCountry "CZE"]

1. c4 g6 2. e4 e5 3. Nf3 Nc6 4. d4 exd4 5. Nxd4 Bg7 6. Nxc6 bxc6 7. Nc3 d6 8. Be3
Nf6 9. Be2 O-O 10. O-O Re8 11. c5 d5 12. Bf3 Ba6 13. Re1 dxe4 14. Be2 Bxe2 15. Qxe2
Nd5 16. Nxd5 cxd5 17. Rad1 c6 18. b4 Rb8 19. Rb1 d4 20. Bf4 d3 21. Qd2 Rb7 22. Bd6
f5 23. a4 Be5 24. Qa2+ Kg7 25. Bxe5+ Rxe5 26. Qc4 Qd5 27. Qa6 Rc7 28. b5 Qxc5 29.
Rec1 Qb6 30. Qxb6 axb6 31. bxc6 Rc5 32. Rxc5 bxc5 33. Rb7 Rxb7 34. cxb7 d2  0-1

[Event "Brno Open 2024 - A IM Round Robin"]
[Site "Bobycentrum hotel, Brno"]
[Date ""]
[Round "3"]
[Board "2"]
[White "Nissinen, Niilo Man"]
[Black "Mattenberger, Matthias"]
[Result "1-0"]
[WhiteElo "2150"]
[BlackElo "2257"]
[PlyCount "173"]
[EventDate "2024.11.16"]
[EventRounds "9"]
[EventCountry "CZE"]

1. Nf3 Nf6 2. c4 Nc6 3. d4 e6 4. Nc3 Bb4 5. e3 d6 6. Bd2 O-O 7. a3 Bxc3 8. Bxc3 Ne4
9. Qc2 Nxc3 10. Qxc3 a5 11. Bd3 Qe7 12. O-O Re8 13. e4 e5 14. d5 Nb8 15. b4 Nd7 16.
Rfc1 b6 17. Ne1 Bb7 18. Bf1 c6 19. dxc6 Bxc6 20. f3 Nf8 21. Nc2 Ne6 22. Ne3 g6 23.
Rab1 axb4 24. axb4 Ra2 25. Ra1 Rea8 26. Rxa2 Rxa2 27. Ra1 Qa7 28. Rxa2 Qxa2 29. h4
h5 30. Nc2 Qb1 31. Ne1 Nf4 32. Kf2 Qa2+ 33. Qc2 Qa7 34. Qd2 Qe7 35. g3 Ne6 36. Qa2
Kg7 37. Nc2 Kg8 38. Bh3 Qf6 39. Kg2 Nd4 40. Nxd4 exd4 41. Qd2 d3 42. b5 Bb7 43. Qxd3
Qe5 44. Kf2 Qc5+ 45. Qe3 Qc7 46. Qd4 Bc8 47. Bxc8 Qxc8 48. Qxd6 Qxc4 49. Qxb6 Qc2+
50. Ke3 Qc1+ 51. Kd3 Qf1+ 52. Kc3 Qxf3+ 53. Kb4 Qxe4+ 54. Ka5 Qa8+ 55. Qa6 Qd8+ 56.
Qb6 Qa8+ 57. Kb4 Qe8 58. Kc5 Qe5+ 59. Kc6 Qe6+ 60. Kb7 Qd7+ 61. Ka8 Kg7 62. Qc6 Qd8+
63. Kb7 Qe7+ 64. Kc8 Qf8+ 65. Kd7 f5 66. b6 Kh6 67. Qc1+ Kh7 68. Qg5 Qb8 69. Qd8
Qb7+ 70. Ke8 Kg8 71. Qc7 Qa8+ 72. Ke7 Qe4+ 73. Kf6 Qd4+ 74. Kxg6 Qg4+ 75. Kh6 Qd4
76. b7 Qe3+ 77. Kxh5 Qe2+ 78. Kg5 Qe3+ 79. Kxf5 Qf3+ 80. Ke6 Qg4+ 81. Ke7 Qe4+ 82.
Kd8 Qd5+ 83. Kc8 Qf5+ 84. Kb8 Qb5 85. g4 Kh8 86. h5 Qa6 87. g5  1-0

[Event "Brno Open 2024 - A IM Round Robin"]
[Site "Bobycentrum hotel, Brno"]
[Date ""]
[Round "3"]
[Board "3"]
[White "Pisk, Petr"]
[Black "Zhukovskyi, Myhaylo"]
[Result "1-0"]
[WhiteElo "2287"]
[BlackElo "2263"]
[PlyCount "0"]
[EventDate "2024.11.16"]
[EventRounds "9"]
[EventCountry "CZE"]

1. d4 Nf6 2. Nf3 e6 3. Bg5 h6 4. Bh4 d6 5. Nbd2 g5 6. Bg3 Nh5 7. e3 Bg7 8. Ng1 Nxg3
9. hxg3 Qe7 10. c3 Nd7 11. Bd3 a6 12. Ne2 b5 13. a4 Rb8 14. axb5 axb5 15. g4 c5 16.
Ng3 Nf6 17. Qe2 Bd7 18. Ra7 Qd8 19. O-O c4 20. Bc2 Ra8 21. Rfa1 Rxa7 22. Rxa7 Ke7
23. Nde4 Qb6 24. Ra1 Bc6 25. Nxf6 Bxf6 26. Be4 d5 27. Bf3 Ra8 28. Rxa8 Bxa8 29. e4
Kf8 30. exd5 Bxd5 31. Bxd5 exd5 32. Qf3 Qe6 33. Nf5 Qe1+ 34. Kh2 Bd8 35. g3 h5 36.
Kg2 h4 37. Ne3 hxg3 38. Qxg3 Be7 39. Qb8+ Kg7 40. Qe5+ Kf8 41. Qh8#  1-0

[Event "Brno Open 2024 - A IM Round Robin"]
[Site "Bobycentrum hotel, Brno"]
[Date ""]
[Round "3"]
[Board "4"]
[White "Vyskocil, Neklan"]
[Black "Sliwerski, Radoslaw"]
[Result "1/2-1/2"]
[WhiteElo "2269"]
[BlackElo "2040"]
[PlyCount "0"]
[EventDate "2024.11.16"]
[EventRounds "9"]
[EventCountry "CZE"]

1. e4 c5 2. c3 d5 3. exd5 Qxd5 4. d4 e6 5. Nf3 Nf6 6. Be2 Nc6 7. O-O Be7 8. c4 Qd8
9. dxc5 Qxd1 10. Rxd1 Bxc5 11. Nc3 O-O 12. a3 Be7 13. Bf4 b6 14. Nb5 Bb7 15. Nd6
Bxd6 16. Rxd6 Rfd8 17. Rad1 Rxd6 18. Rxd6 Ne4 19. Rd7 Nc5 20. Rc7 a5 21. Be3 Rc8
22. Rxc8+ Bxc8 23. Nd2 e5 24. Bxc5 bxc5 25. Ne4 Nd4 26. Kf1 Nb3 27. Bd1 Bf5 28. Nf6+
gxf6 29. Bxb3 Bd7 30. Ke2 f5 31. g3 Kg7 32. Kd2 Kf6 33. f4 e4 34. Bd1 Ke7 35. Kc3
Kd6 36. Be2  1/2-1/2

[Event "Brno Open 2024 - A IM Round Robin"]
[Site "Bobycentrum hotel, Brno"]
[Date ""]
[Round "3"]
[Board "5"]
[White "Flasik, Radoslav"]
[Black "Kulkarni, Bhakti"]
[Result "0-1"]
[WhiteElo "2141"]
[BlackElo "2345"]
[PlyCount "70"]
[EventDate "2024.11.16"]
[EventRounds "9"]
[EventCountry "CZE"]

1. d4 g6 2. Nf3 Bg7 3. c4 d6 4. Nc3 e5 5. d5 a5 6. e4 f5 7. exf5 gxf5 8. g4 Nf6 9.
gxf5 Bxf5 10. Rg1 O-O 11. Nh4 Bd7 12. Bh6 Rf7 13. Qf3 e4 14. Bxg7 Ng4 15. Bf6 Rxf6
16. Rxg4+ Kh8 17. Qg3 Bxg4 18. Qxg4 Qf8 19. Bh3 Na6 20. Qg5 Nc5 21. O-O-O Qh6 22.
f4 Rg8 23. Nf5 Rxg5 24. Nxh6 Rh5 25. Ng4 Rxf4 26. Rf1 Rxh3 27. Rxf4 Nd3+ 28. Kd2
Nxf4 29. Nxe4 Rd3+ 30. Kc2 Rd4 31. Nd2 Nxd5 32. Nf2 Ne3+ 33. Kc3 Rf4 34. Nd3 Rh4
35. Nf3 Rxc4+  0-1

[Event "Brno Open 2024 - A IM Round Robin"]
[Site "Bobycentrum hotel, Brno"]
[Date ""]
[Round "4"]
[Board "1"]
[White "Marn, Jan"]
[Black "Kulkarni, Bhakti"]
[Result "1-0"]
[WhiteElo "2393"]
[BlackElo "2345"]
[PlyCount "71"]
[EventDate "2024.11.16"]
[EventRounds "9"]
[EventCountry "CZE"]

1. d4 Nf6 2. c4 e6 3. Nf3 d5 4. g3 Bb4+ 5. Bd2 Be7 6. Bg2 O-O 7. O-O Nbd7 8. Qc2
c6 9. Rd1 b6 10. b3 a5 11. Bc3 Ne4 12. Nbd2 f5 13. Nxe4 fxe4 14. Ne5 Nxe5 15. dxe5
Bc5 16. Bd4 Bxd4 17. Rxd4 Qg5 18. cxd5 cxd5 19. Qc7 Ba6 20. Re1 Rxf2 21. Kxf2 Rf8+
22. Bf3 exf3 23. exf3 Qh5 24. Kg1 Rxf3 25. Qb8+ Rf8 26. Qxb6 Qf3 27. Qxe6+ Kh8 28.
Rf4 Rxf4 29. gxf4 h5 30. Qxa6 Qg4+ 31. Kf2 Qxf4+ 32. Ke2 Qxe5+ 33. Kd2 Qb2+ 34. Kd3
Qxa2 35. Qc8+ Kh7 36. Qf5+  1-0

[Event "Brno Open 2024 - A IM Round Robin"]
[Site "Bobycentrum hotel, Brno"]
[Date ""]
[Round "4"]
[Board "2"]
[White "Sliwerski, Radoslaw"]
[Black "Flasik, Radoslav"]
[Result "0-1"]
[WhiteElo "2040"]
[BlackElo "2141"]
[PlyCount "61"]
[EventDate "2024.11.16"]
[EventRounds "9"]
[EventCountry "CZE"]

1. d4 d5 2. c4 e6 3. Nc3 Nf6 4. cxd5 exd5 5. Bg5 c6 6. Qc2 Be6 7. e3 h6 8. Bh4 Nbd7
9. Bd3 g5 10. Bg3 Nh5 11. Nge2 Nxg3 12. Nxg3 h5 13. Bf5 Qf6 14. Bxe6 fxe6 15. O-O-O
O-O-O 16. Rhf1 h4 17. Nge2 Kb8 18. Kb1 Rc8 19. f4 Bh6 20. e4 gxf4 21. Nxf4 Bxf4 22.
g3 hxg3 23. hxg3 Nb6 24. gxf4 Nc4 25. Qe2 Rh3 26. Rf3 Rch8 27. b3 Rh2 28. Rf2 Rxf2
29. Qxf2 Nd6 30. e5 Qg6+ 31. Kb2  0-1

[Event "Brno Open 2024 - A IM Round Robin"]
[Site "Bobycentrum hotel, Brno"]
[Date ""]
[Round "4"]
[Board "3"]
[White "Zhukovskyi, Myhaylo"]
[Black "Vyskocil, Neklan"]
[Result "0-1"]
[WhiteElo "2263"]
[BlackElo "2269"]
[PlyCount "0"]
[EventDate "2024.11.16"]
[EventRounds "9"]
[EventCountry "CZE"]

1. Nf3 c5 2. g3 g6 3. Bg2 Bg7 4. c4 Nc6 5. O-O Nh6 6. Nc3 Nf5 7. d3 O-O 8. Ne1 a6
9. Nc2 Rb8 10. Ne3 Nfd4 11. Rb1 b5 12. b3 d6 13. Bd2 Bd7 14. Nc2 b4 15. Na4 Qc8 16.
Re1 Nxc2 17. Qxc2 Nd4 18. Qc1 Re8 19. e3 Nc6 20. Qc2 Ne5 21. f4 Ng4 22. h3 Nf6 23.
Kh2 e5 24. Bc1 exf4 25. gxf4 Qc7 26. Bb2 Re7 27. Re2 Rbe8 28. Rbe1 Nh5 29. Bf3 Bxb2
30. Nxb2 Ng7 31. Qd2 Bc6 32. Bd5 Nf5 33. Nd1 Bxd5 34. cxd5 Qb7 35. Nf2 f6 36. Ng4
Kg7 37. Qb2 Rf7 38. e4 Nd4 39. Rf2 f5 40. Ne3 Qe7 41. exf5 Qf6 42. Kg2 Rfe7 43. Qd2
Nxf5 44. Ng4 Qd4 45. Rxe7+ Rxe7 46. Qb2 h5 47. Qxd4+ Nxd4 48. Nh2 Re3 49. Nf3 Rxd3
50. Ng5 Re3 51. Nf3 Nxf3 52. Rxf3 Re4 53. f5 Re5 54. fxg6 Rxd5 55. Rf2 Kxg6 56. h4
Rd4 57. Kg3 d5 58. Rf8 c4 59. Ra8 c3 60. Rxa6+ Kf5  0-1

[Event "Brno Open 2024 - A IM Round Robin"]
[Site "Bobycentrum hotel, Brno"]
[Date ""]
[Round "4"]
[Board "4"]
[White "Mattenberger, Matthias"]
[Black "Pisk, Petr"]
[Result "1-0"]
[WhiteElo "2257"]
[BlackElo "2287"]
[PlyCount "103"]
[EventDate "2024.11.16"]
[EventRounds "9"]
[EventCountry "CZE"]

1. d4 Nf6 2. c4 c6 3. Nc3 d5 4. Nf3 g6 5. Bf4 Bg7 6. e3 O-O 7. Be2 Bg4 8. Qb3 Qb6
9. cxd5 cxd5 10. h3 Bxf3 11. Bxf3 Qxb3 12. axb3 e6 13. b4 Nbd7 14. b5 a6 15. bxa6
Rxa6 16. Rxa6 bxa6 17. Kd2 Ra8 18. Bd6 Ne8 19. Be7 Rb8 20. Kc2 Bf8 21. Bxf8 Kxf8
22. Ra1 Nc7 23. Be2 Ke7 24. b3 Rb6 25. Na4 Rc6+ 26. Kb2 Kd6 27. b4 e5 28. Nc5 exd4
29. exd4 Nb8 30. Kc3 Rb6 31. Bd3 Ke7 32. g3 Kd8 33. h4 Rf6 34. f4 Rb6 35. Ra2 Ke7
36. Ra1 Kd8 37. g4 Rf6 38. Rf1 Rb6 39. g5 Nc6 40. f5 gxf5 41. Rxf5 Ke7 42. Rf6 Ne6
43. Nxe6 fxe6 44. Rh6 Rxb4 45. Rxh7+ Kd6 46. h5 Rxd4 47. h6 Rh4 48. g6 d4+ 49. Kd2
Rh2+ 50. Ke1 Rh1+ 51. Kf2 Ne5 52. g7  1-0

[Event "Brno Open 2024 - A IM Round Robin"]
[Site "Bobycentrum hotel, Brno"]
[Date ""]
[Round "4"]
[Board "5"]
[White "Ashwath, R."]
[Black "Nissinen, Niilo Man"]
[Result "1/2-1/2"]
[WhiteElo "2333"]
[BlackElo "2150"]
[PlyCount "50"]
[EventDate "2024.11.16"]
[EventRounds "9"]
[EventCountry "CZE"]

1. d4 Nf6 2. c4 e6 3. Nc3 Bb4 4. e3 O-O 5. Bd2 d5 6. Nf3 b6 7. cxd5 exd5 8. Bd3 Bb7
9. O-O Be7 10. Ne5 c5 11. Qf3 Nc6 12. Qh3 h6 13. Rad1 Bd6 14. Ng4 Nxg4 15. Qxg4 Bc8
16. Qh5 Be6 17. e4 cxd4 18. exd5 Ne5 19. dxe6 dxc3 20. Bxc3 Nxd3 21. Qg4 f6 22. Qc4
Nxb2 23. Bxb2 Qe7 24. f4 Kh8 25. f5 Rac8  1/2-1/2

[Event "Brno Open 2024 - A IM Round Robin"]
[Site "Bobycentrum hotel, Brno"]
[Date ""]
[Round "5"]
[Board "1"]
[White "Nissinen, Niilo Man"]
[Black "Marn, Jan"]
[Result "1/2-1/2"]
[WhiteElo "2150"]
[BlackElo "2393"]
[PlyCount "119"]
[EventDate "2024.11.16"]
[EventRounds "9"]
[EventCountry "CZE"]

1. e4 e5 2. Nf3 Nc6 3. Bb5 a6 4. Ba4 Nf6 5. O-O d6 6. d3 Bd7 7. c4 g6 8. Nc3 Bg7
9. Bxc6 Bxc6 10. Re1 O-O 11. d4 exd4 12. Nxd4 Re8 13. Nxc6 bxc6 14. Bf4 Nh5 15. Bd2
Qh4 16. Qf3 Rab8 17. b3 Be5 18. g3 Qh3 19. Rad1 Ng7 20. Ne2 Ne6 21. Be3 a5 22. Nd4
Nxd4 23. Bxd4 Bxd4 24. Rxd4 Re5 25. Re3 Rbe8 26. Rd2 h5 27. Rde2 Qg4 28. Kg2 Qxf3+
29. Kxf3 g5 30. h3 Kg7 31. Rc2 c5 32. Rd2 Kg6 33. Rd1 f6 34. Rde1 R5e7 35. Rd1 Rd8
36. Re2 Ree8 37. Rb1 Rb8 38. Reb2 Rb6 39. Ke3 Rd8 40. Kd3 Rbb8 41. Re2 g4 42. hxg4
hxg4 43. Rh1 Rh8 44. Rxh8 Rxh8 45. Re1 Kg5 46. Rd1 f5 47. exf5 Kxf5 48. Re1 Rh2 49.
Ke3 c6 50. Rc1 Ke5 51. Ke2 Ke4 52. Rc3 Rh1 53. Re3+ Kf5 54. Rd3 Ke5 55. Re3+ Kf5
56. Rd3 Ke5 57. Re3+ Kf5 58. Rd3 Ke5 59. Re3+ Kf5 60. Rd3  1/2-1/2

[Event "Brno Open 2024 - A IM Round Robin"]
[Site "Bobycentrum hotel, Brno"]
[Date ""]
[Round "5"]
[Board "3"]
[White "Vyskocil, Neklan"]
[Black "Mattenberger, Matthias"]
[Result "1/2-1/2"]
[WhiteElo "2269"]
[BlackElo "2257"]
[PlyCount "0"]
[EventDate "2024.11.16"]
[EventRounds "9"]
[EventCountry "CZE"]

1. e4 c5 2. Nf3 d6 3. Bb5+ Nd7 4. d4 cxd4 5. Qxd4 a6 6. Bxd7+ Qxd7 7. Nc3 e5 8. Qd3
Qc6 9. Nd5 g6 10. O-O f5 11. c4 Ne7 12. Nf6+ Kf7 13. Nd5 h6 14. Nd2 Nxd5 15. cxd5
Qb5 16. Qf3 Kg7 17. b3 Be7 18. Bb2 Rf8 19. a4 Qe8 20. Nc4 Kh7 21. Rac1 fxe4 22. Qxe4
Bf5 23. Qe2 Rc8 24. Ne3 Bd7 25. Rxc8 Qxc8 26. Rc1 Qd8 27. Qc2 b5 28. axb5 Bxb5 29.
Qc7 Rf7 30. Qxd8 Bxd8 31. Ba3  1/2-1/2

[Event "Brno Open 2024 - A IM Round Robin"]
[Site "Bobycentrum hotel, Brno"]
[Date ""]
[Round "5"]
[Board "5"]
[White "Kulkarni, Bhakti"]
[Black "Sliwerski, Radoslaw"]
[Result "1-0"]
[WhiteElo "2345"]
[BlackElo "2040"]
[PlyCount "82"]
[EventDate "2024.11.16"]
[EventRounds "9"]
[EventCountry "CZE"]

1. Nf3 d5 2. g3 e6 3. Bg2 Nf6 4. O-O c5 5. c4 dxc4 6. Qa4+ Bd7 7. Qxc4 b5 8. Qc2
Nc6 9. Nc3 a6 10. b3 Rc8 11. Bb2 Nd4 12. Qd1 Bc6 13. e3 Nxf3+ 14. Bxf3 Be7 15. e4
Nd7 16. Ne2 Bf6 17. d4 O-O 18. Bg2 cxd4 19. Nxd4 Ba8 20. Qe2 Qb6 21. Rfd1 Rfd8 22.
Rd2 Ne5 23. Rad1 Ng6 24. h4 Kh8 25. h5 Ne5 26. Kh2 Nc6 27. Nxc6 Rxd2 28. Qxd2 Bxb2
29. Nd8 Qc7 30. Nxe6 Qe7 31. Qxb2 Qxe6 32. Qd4 Re8 33. Qd7 Qxd7 34. Rxd7 Kg8 35.
e5 Bxg2 36. Kxg2 g5 37. h6 Kf8 38. f4 gxf4 39. gxf4 Re6 40. Rd6 Rg6+ 41. Rxg6 hxg6
 1-0

[Event "Brno Open 2024 - A IM Round Robin"]
[Site "Bobycentrum hotel, Brno"]
[Date ""]
[Round "6"]
[Board "1"]
[White "Marn, Jan"]
[Black "Sliwerski, Radoslaw"]
[Result "1-0"]
[WhiteElo "2393"]
[BlackElo "2040"]
[PlyCount "87"]
[EventDate "2024.11.16"]
[EventRounds "9"]
[EventCountry "CZE"]

1. Nf3 d5 2. c4 e6 3. g3 Nf6 4. Bg2 dxc4 5. Qa4+ c6 6. Qxc4 b5 7. Qb3 Bb7 8. O-O
Nbd7 9. d4 a6 10. Ne5 Nxe5 11. dxe5 Nd5 12. Nc3 Qc7 13. Nxd5 cxd5 14. Be3 Be7 15.
Rfc1 Qa5 16. a4 b4 17. Bd4 O-O 18. Qe3 Bd8 19. Rc5 Qb6 20. a5 Qa7 21. Rc8 Qxd4 22.
Qxd4 Rxc8 23. Qxb4 Rc7 24. Qf4 Rc4 25. Qd2 Be7 26. Rc1 Bb4 27. Qe3 Rxc1+ 28. Qxc1
Rc8 29. Qe3 Bxa5 30. Qa7 Rc1+ 31. Bf1 Bc8 32. e3 g6 33. Kg2 Rc2 34. Bd3 Rc1 35. Qb8
Kg7 36. b4 Bd8 37. Bxa6 Bxa6 38. Qxd8 Bf1+ 39. Kf3 Rb1 40. Qf6+ Kg8 41. Qe7 Rb2 42.
g4 d4 43. Qd8+ Kg7 44. Qxd4  1-0